Bước đầu tìm hiểu quá trình đô thị hóa Đà Nẵng thời kỳ 1954 - 1975
Khái quát về Đà Nẵng đến năm 1954. Đô thị hóa Đà Nẵng thời kỳ 1954 - 1975.
में बचाया:
| मुख्य लेखक: | |
|---|---|
| अन्य लेखक: | |
| स्वरूप: | पुस्तक |
| भाषा: | Vietnamese |
| प्रकाशित: |
Đại học Đà Nẵng
Trường đại học Sư Phạm
2007
|
| श्रृंखला: | Khóa luận tốt nghiệp đại học. Chuyên ngành: Sư phạm Sử
|
| विषय: | |
| टैग : |
टैग जोड़ें
कोई टैग नहीं, इस रिकॉर्ड को टैग करने वाले पहले व्यक्ति बनें!
|
| Thư viện lưu trữ: | Mạng thư viện Đại học Đà Nẵng |
|---|
| LEADER | 01213nam a2200325 4500 | ||
|---|---|---|---|
| 001 | 000012309 | ||
| 003 | 8603 | ||
| 005 | 20120217140234.0 | ||
| 008 | 120217s2007 viesd | ||
| 041 | |a vie | ||
| 072 | |a Khóa luận tốt nghiệp | ||
| 082 | |a 959.751 |b TR-H | ||
| 100 | |a Trần, Xuân Hiệp | ||
| 245 | |a Bước đầu tìm hiểu quá trình đô thị hóa Đà Nẵng thời kỳ 1954 - 1975 |c Trần, Xuân Hiệp | ||
| 260 | |a Đại học Đà Nẵng |b Trường đại học Sư Phạm |c 2007 | ||
| 300 | |a 68 tr. |b bản đồ + hình mhọa |c 29 cm | ||
| 490 | |a Khóa luận tốt nghiệp đại học. Chuyên ngành: Sư phạm Sử | ||
| 500 | |a Tham khảo tr.67 + phụ lục [31 tr.] | ||
| 520 | |a Khái quát về Đà Nẵng đến năm 1954. Đô thị hóa Đà Nẵng thời kỳ 1954 - 1975. | ||
| 653 | |a Khóa luận tốt nghiệp đại học | ||
| 653 | |a Khoa Lịch Sử | ||
| 700 | |a Nguyễn, Xuyên |c Th.S |e Hướng dẫn | ||
| OWN | |a LSP | ||
| 999 | |a From the UDN01 | ||
| TYP | |a Monograph | ||
| TYP | |a Printed language | ||
| 980 | |a Mạng thư viện Đại học Đà Nẵng | ||